| 000 | 00532nam a2200181Ia 4500 | ||
|---|---|---|---|
| 008 | 151018s9999 xx 000 0 und d | ||
| 082 |
_bRBASDV21856 _a891.463 |
||
| 100 | _aयोगिनी जोगळेकर | ||
| 245 | _aदसरा | ||
| 250 | _b1 | ||
| 260 |
_bमेघदूत प्रकाशन _c1987 |
||
| 300 | _a193 | ||
| 600 | _aयोगिनी जोगळेकर | ||
| 630 | _aदसरा | ||
| 700 | _aयोगिनी जोगळेकर | ||
| 730 | _aदसरा | ||
| 942 | _cBOOK | ||
| 999 |
_c1021530 _d1021527 |
||